|
|
|
|
| LEADER |
01607nam a2200301 4500 |
| 001 |
42549 |
| 003 |
BD-DhAAL |
| 005 |
20241204114835.0 |
| 008 |
240529m19781979bg a|||| |||| 00| 0 ben d |
| 040 |
|
|
|a BD-DhAAL
|d BD-DhAAL
|
| 041 |
|
|
|a ben
|
| 082 |
|
|
|a 079.095492
|2 23
|
| 245 |
|
|
|a গণকেন্দ্র :
|b সচিত্র মাসিক পত্রিকা,
|n বৈশাখ -চৈত্র ১৩৮৫ /
|c সম্পাদক ইমাউল হক; ব্যবস্থাপনা সম্পাদক আয়েশা হাসান আবেদ.
|
| 246 |
|
|
|a মাসিক গণকেন্দ্র.
|
| 264 |
|
|
|a ঢাকা :
|b ব্র্যাক পাবলিকেশন,
|c ১৯৭৮ [১৩৮৫].
|
| 300 |
|
|
|a v. :
|b সচিত্র ;
|c ৩২ সে.মি.
|
| 362 |
|
|
|a Vol. 6, no.1 (Apr. 1978)-v. 6, no. 12 (Mar.1979)
|
| 362 |
|
|
|a বর্ষ ৬ষ্ঠ, সংখ্যা ১(বৈশাখ ১৩৮৫)-বর্ষ ৬ষ্ঠ,সংখ্যা ১২ (চৈত্র ১৩৮৫)
|
| 500 |
|
|
|a This book contains volume 6, no. 1-12.
|
| 541 |
|
|
|a BRAC
|e 42649
|
| 650 |
|
|
|a Newspaper
|z Bangladesh.
|9 53582
|
| 650 |
|
|
|a Bengali literature.
|
| 700 |
|
|
|a হক, ইমাউল.
|9 56446
|
| 700 |
|
|
|a আবেদ, আয়েশা হাসান.
|9 56447
|
| 710 |
|
|
|a ব্র্যাক পাবলিকেশন.
|9 56448
|
| 942 |
|
|
|2 ddc
|c BK
|
| 999 |
|
|
|c 46682
|d 46682
|
| 952 |
|
|
|0 0
|1 0
|2 ddc
|4 0
|6 079_095492000000000_GAN
|7 1
|9 75571
|a BRACUL
|b BRACUL
|c REF
|d 2024-05-29
|e BRAC
|l 0
|o 079.095492 GAN
|p 3010042649
|r 2024-05-29
|t 1
|w 2024-05-29
|y BK
|x BRAC
|